000 01175cam a22003251a 4500
001 agr39000014
003 DLC
005 20260227110957.0
008 850807s1938 dcubf b f000 0 eng
010 _aagr39000014
035 _a(OCoLC)12355954
040 _aDLC
_cOYU
_dDNAL
_dDLC
043 _an-usu--
050 0 0 _aSB401
_b.S55
070 0 _a1
_bAg84C no.492
072 0 _aJ500
100 1 _aSkinner, J. J.
_q(Joshua John),
_d1882-1969.
245 1 0 _aPecan soils of the gulf and southeastern states and maintenance of their fertility /
_cby J.J. Skinner, E.D. Fowler, and A.O. Alben.
260 _aWashington, D.C. :
_bU.S. Dept. of Agriculture,
_c1938.
300 _a24 p., [1] leaf of plates :
_bmaps ;
_c23 cm.
490 1 _aCircular / United States Department of Agriculture ;
_vno. 492
500 _aCaption title.
500 _aContribution from Bureau of Plant Industry.
500 _aBibliography: p. 22-24.
650 0 _aPecan
_xSoils
_xFertilizers.
650 0 _aPecan
_xSoils.
700 1 _aAlben, Arthur Otto,
_d1895-
700 1 _aFowler, Earl D.
_q(Earl Donald),
_d1890-
830 0 _aCircular (United States. Department of Agriculture) ;
_vno. 492.
999 _c9923
_d9923